[Event "EU-ch Seniors 50 22nd"]
[Site "Acqui Terme"]
[Date "2023.05.27"]
[Round "2"]
[White "Dishman, Stephen"]
[Black "Zimmermann, Luc"]
[Result "1/2-1/2"]
[WhiteElo "2259"]
[BlackElo "2037"]
[PlyCount "53"]
[EventDate "2023.05.26"]
[EventType "swiss"]
[EventRounds "9"]
[EventCountry "ITA"]
[SourceTitle "CBM 214 Extra"]
[Source "ChessBase"]
[SourceDate "2023.07.31"]
[SourceVersion "1"]
[SourceVersionDate "2023.07.31"]
[SourceQuality "1"]

1. Nf3 Nf6 2. c4 g6 3. b3 Bg7 4. Bb2 0-0 5. g3 b6 6. Bg2 Bb7 7. 0-0 c5 8. d4 cxd4 9. Qxd4 d6 10. Nc3 Ne4 11. Qe3 Bxc3 12. Bxc3 Nxc3 13. Qxc3 Nd7 14. Rad1 Rc8 15. Qe3 Rc5 16. Rd4 a5 17. Rfd1 Nf6 18. Ne1 Bxg2 19. Kxg2 Qc7 20. Nd3 Qb7+ 21. Qf3 Qxf3+ 22. exf3 Rc7 23. Nf4 Rfc8 24. Nd5 Nxd5 25. Rxd5 Rc5 26. f4 a4 27. R1d3 1/2-1/2

[Event "Reinstorf op"]
[Site "Reinstorf"]
[Date "2022.02.05"]
[Round "8"]
[White "Zimmermann, Luc"]
[Black "Hilbenz, Guntram"]
[Result "1-0"]
[WhiteElo "2120"]
[BlackElo "1857"]
[PlyCount "31"]
[EventDate "2022.01.29"]
[EventType "swiss"]
[EventRounds "9"]
[EventCountry "GER"]
[SourceTitle "CBM 206 Extra"]
[Source "ChessBase"]
[SourceDate "2022.03.31"]
[SourceVersion "1"]
[SourceVersionDate "2022.03.31"]
[SourceQuality "1"]

1. e4 e5 2. Bc4 Nf6 3. d3 Nc6 4. Nc3 Bc5 5. f4 d6 6. Nf3 0-0 7. Na4 Bb6 8. Nxb6 axb6 9. fxe5 dxe5 10. a3 Be6 11. Bxe6 fxe6 12. 0-0 Qd6 13. Kh1 Rad8 14. Be3 Nd4 15. Bxd4 exd4 16. e5 1-0

[Event "Reinstorf op"]
[Site "Reinstorf"]
[Date "2022.02.04"]
[Round "7"]
[White "Muedder, Melanie"]
[Black "Zimmermann, Luc"]
[Result "1/2-1/2"]
[WhiteElo "1815"]
[BlackElo "2120"]
[PlyCount "84"]
[EventDate "2022.01.29"]
[EventType "swiss"]
[EventRounds "9"]
[EventCountry "GER"]
[SourceTitle "CBM 206 Extra"]
[Source "ChessBase"]
[SourceDate "2022.03.31"]
[SourceVersion "1"]
[SourceVersionDate "2022.03.31"]
[SourceQuality "1"]

1. e4 e6 2. d4 d5 3. Nd2 Be7 4. Bd3 c5 5. c3 cxd4 6. cxd4 dxe4 7. Nxe4 Nf6 8. Nf3 0-0 9. 0-0 Nc6 10. Nxf6+ Bxf6 11. Be3 Nb4 12. Be4 Nd5 13. Bd2 b6 14. Ne5 Bb7 15. Rc1 g6 16. Qf3 Bg7 17. Bb4 f5 18. Bxf8 Bxe5 19. Bxd5 Bxd5 20. Qe3 Bxh2+ 21. Kxh2 Qxf8 22. Rc7 Bxa2 23. Ra1 Bd5 24. Qe5 a5 25. Rac1 b5 26. Kg1 a4 27. Rd7 Rd8 28. Rcc7 Rxd7 29. Rxd7 b4 30. Qc7 a3 31. bxa3 bxa3 32. Rd8 a2 33. Rxf8+ Kxf8 34. Qa7 g5 35. Kh2 h5 36. f3 h4 37. g3 hxg3+ 38. Kxg3 Ke8 39. Kf2 Kf8 40. Ke2 Kg8 41. Kd2 g4 42. Kc2 gxf3 1/2-1/2

[Event "EU-Cup 36th"]
[Site "Struga"]
[Date "2021.09.23"]
[Round "6.4"]
[White "Zimmermann, Luc"]
[Black "Olivier, Pierre"]
[Result "0-1"]
[WhiteElo "2133"]
[BlackElo "2215"]
[PlyCount "88"]
[EventDate "2021.09.18"]
[EventType "team-swiss"]
[EventRounds "7"]
[EventCountry "MKD"]
[SourceTitle "CBM 204 Extra"]
[Source "ChessBase"]
[SourceDate "2021.11.30"]
[SourceVersion "1"]
[SourceVersionDate "2021.11.30"]
[SourceQuality "1"]
[WhiteTeam "Zuid Limburg"]
[BlackTeam "Asnieres"]
[WhiteTeamCountry "NED"]
[BlackTeamCountry "FRA"]

1. e4 e6 2. d4 d5 3. Nd2 c5 4. exd5 Qxd5 5. Ngf3 cxd4 6. Bc4 Qd6 7. 0-0 Nf6 8. Nb3 Nc6 9. Nbxd4 Nxd4 10. Nxd4 Be7 11. b3 0-0 12. Bb2 Qf4 13. Qf3 Qxf3 14. Nxf3 b6 15. Ne5 Bb7 16. a4 Be4 17. Bd3 Bxd3 18. Nxd3 Rac8 19. c4 Rfd8 20. Rfd1 a5 21. Kf1 Ne4 22. Ke2 Nc5 23. Nxc5 Bxc5 24. f4 f6 25. g4 Kf7 26. Kf3 Ke7 27. Ke4 g6 28. h3 h6 29. Bc3 g5 30. f5 e5 31. Bb2 h5 32. gxh5 Rxd1 33. Rxd1 Rh8 34. Rd3 Rxh5 35. Bc1 Rh4+ 36. Kd5 Kd7 37. Bd2 Bf2 38. b4 e4 39. Ra3 axb4 40. Bxb4 e3 41. a5 e2 42. axb6 Rd4+ 43. Kc5 Rd6+ 44. Kb5 Rxb6+ 0-1

[Event "EU-Cup Online Gr-C"]
[Site "Tornelo INT"]
[Date "2021.03.28"]
[Round "9.3"]
[White "Zimmermann, Luc"]
[Black "Heimann, Andreas"]
[Result "0-1"]
[WhiteElo "2151"]
[BlackElo "2606"]
[PlyCount "82"]
[EventDate "2021.03.27"]
[EventType "team-tourn (rapid)"]
[EventRounds "9"]
[EventCountry "NET"]
[SourceTitle "CBM 201 Extra"]
[Source "ChessBase"]
[SourceDate "2021.05.31"]
[SourceVersion "1"]
[SourceVersionDate "2021.05.31"]
[SourceQuality "1"]
[WhiteTeam "Limburg Zuid"]
[BlackTeam "Deizisau"]
[WhiteTeamCountry "NED"]
[BlackTeamCountry "GER"]

1. e4 c5 2. c3 Nf6 3. e5 Nd5 4. d4 cxd4 5. Nf3 d6 6. Bc4 e6 7. cxd4 Be7 8. 0-0 0-0 9. Qe2 b6 10. Bd2 Bb7 11. Nc3 Nxc3 12. Bxc3 dxe5 13. dxe5 Nd7 14. Rfd1 Qc7 15. Bd3 Nc5 16. Bc2 Qc6 17. Rac1 a5 18. Qe3 Rfd8 19. Bd4 h6 20. h4 Rac8 21. Bb1 Qa4 22. b3 Qb5 23. Ba1 Bxf3 24. Qxf3 Bxh4 25. Bd4 Bg5 26. Be3 Bxe3 27. Qxe3 Qb4 28. Rd6 Rxd6 29. exd6 Rd8 30. Rd1 Qg4 31. Rd4 Qg5 32. Qe1 g6 33. Qd1 Qe5 34. g3 Nb7 35. d7 Nc5 36. Rd6 Qf6 37. Rxb6 Rxd7 38. Qe1 Rd5 39. Rb8+ Kg7 40. Kg2 Qb2 41. Be4 Re5 0-1

[Event "EU-Cup Online Gr-C"]
[Site "Tornelo INT"]
[Date "2021.03.27"]
[Round "1.2"]
[White "Zimmermann, Luc"]
[Black "Michalik, Peter"]
[Result "0-1"]
[WhiteElo "2151"]
[BlackElo "2594"]
[PlyCount "90"]
[EventDate "2021.03.27"]
[EventType "team-tourn (rapid)"]
[EventRounds "9"]
[EventCountry "NET"]
[SourceTitle "CBM 201 Extra"]
[Source "ChessBase"]
[SourceDate "2021.05.31"]
[SourceVersion "1"]
[SourceVersionDate "2021.05.31"]
[SourceQuality "1"]
[WhiteTeam "Limburg Zuid"]
[BlackTeam "Cesky Lev"]
[WhiteTeamCountry "NED"]
[BlackTeamCountry "CZE"]

1. e4 c5 2. c3 Nf6 3. e5 Nd5 4. d4 cxd4 5. Nf3 Nc6 6. Bc4 Nb6 7. Bb3 d5 8. exd6 Qxd6 9. 0-0 Be6 10. Nxd4 Nxd4 11. cxd4 Bxb3 12. axb3 e6 13. Nc3 Be7 14. Qf3 Qd7 15. d5 Nxd5 16. Rd1 0-0 17. Nxd5 exd5 18. Rxd5 Qc6 19. Be3 Bf6 20. Rc1 Qe6 21. g3 Rfc8 22. Rxc8+ Rxc8 23. Rc5 b6 24. Rxc8+ Qxc8 25. Qe2 h6 26. b4 Qd7 27. b3 b5 28. Qa2 Qd1+ 29. Kg2 Bd4 30. Bxd4 Qxd4 31. Qa5 Qd7 32. h4 h5 33. Kg1 g6 34. Qa2 Qd1+ 35. Kh2 Qd4 36. Kg1 Qxb4 37. Qxa7 Qxb3 38. Qb8+ Kh7 39. Qe5 Qc4 40. Kh2 b4 41. Qe7 b3 42. Qb7 Kg7 43. Kg2 Qc3 44. Kh2 b2 45. Qb6 Qf6 0-1

[Event "Amsterdam Science Park op-A"]
[Site "Amsterdam"]
[Date "2019.07.06"]
[Round "1"]
[White "Meskovs, Nikita"]
[Black "Zimmermann, Luc"]
[Result "1-0"]
[WhiteElo "2550"]
[BlackElo "2175"]
[PlyCount "59"]
[EventDate "2019.07.06"]
[EventType "swiss"]
[EventRounds "9"]
[EventCountry "NED"]
[SourceTitle "CBM 191 Extra"]
[Source "ChessBase"]
[SourceDate "2019.09.30"]
[SourceVersion "1"]
[SourceVersionDate "2019.09.30"]
[SourceQuality "1"]

1. c4 e5 2. g3 Nf6 3. Bg2 c6 4. Nf3 e4 5. Nd4 d5 6. cxd5 Qxd5 7. Nc2 Qh5 8. h3 Bd6 9. Nc3 Qg6 10. Ne3 0-0 11. b3 Re8 12. Bb2 Na6 13. a3 Be6 14. b4 Nc7 15. Qc2 Be5 16. Rb1 Bd5 17. Na4 Bxb2 18. Qxb2 Ne6 19. Rc1 h5 20. h4 Ng4 21. Bh3 f5 22. Bxg4 fxg4 23. Nc5 b6 24. Nxe6 Qxe6 25. 0-0 Rf8 26. a4 Rac8 27. a5 Qe7 28. axb6 axb6 29. Qd4 Rfd8 30. Qxb6 1-0

[Event "EU-ch Seniors 50 18th"]
[Site "Drammen"]
[Date "2018.08.10"]
[Round "7"]
[White "Clark, Gary M"]
[Black "Zimmermann, Luc"]
[Result "1/2-1/2"]
[WhiteElo "2285"]
[BlackElo "2184"]
[PlyCount "96"]
[EventDate "2018.08.04"]
[EventType "swiss"]
[EventRounds "9"]
[EventCountry "NOR"]
[SourceTitle "CBM 185 Extra"]
[Source "ChessBase"]
[SourceDate "2018.07.29"]
[SourceVersion "1"]
[SourceVersionDate "2018.07.29"]
[SourceQuality "1"]

1. d4 Nf6 2. c4 g6 3. Nc3 d5 4. Nf3 Bg7 5. cxd5 Nxd5 6. e4 Nxc3 7. bxc3 c5 8. Rb1 0-0 9. Be2 cxd4 10. cxd4 Qa5+ 11. Bd2 Qxa2 12. 0-0 Bg4 13. Bg5 h6 14. Bh4 g5 15. Bg3 Nc6 16. d5 Bxf3 17. Bxf3 Ne5 18. Rxb7 e6 19. h4 Rab8 20. Rc7 Qa5 21. Qc1 gxh4 22. Bxe5 Bxe5 23. Rc5 Rb5 24. Rxb5 Qxb5 25. Qxh6 exd5 26. exd5 Qb4 27. Qg5+ Bg7 28. Rd1 Re8 29. Kh2 Qd6+ 30. Kh3 a5 31. Qxh4 Rd8 32. g3 Qh6 33. Bh5 Bf6 34. Qg4+ Qg5 35. Qxg5+ Bxg5 36. Be2 Rd6 37. Bb5 Be7 38. Bc6 Rg6 39. f4 Bd6 40. Rd4 Kg7 41. Re4 Rh6+ 42. Kg2 Rh8 43. Be8 Kf8 44. Bc6 Kg7 45. Kf3 Rb8 46. Ra4 Rb3+ 47. Kg4 Bb4 48. Ra1 Rd3 1/2-1/2

[Event "EU-ch Seniors 50 18th"]
[Site "Drammen"]
[Date "2018.08.04"]
[Round "1"]
[White "Andersen, Glenn"]
[Black "Zimmermann, Luc"]
[Result "1-0"]
[WhiteElo "1767"]
[BlackElo "2184"]
[PlyCount "81"]
[EventDate "2018.08.04"]
[EventType "swiss"]
[EventRounds "9"]
[EventCountry "NOR"]
[SourceTitle "CBM 185 Extra"]
[Source "ChessBase"]
[SourceDate "2018.07.29"]
[SourceVersion "1"]
[SourceVersionDate "2018.07.29"]
[SourceQuality "1"]

1. d4 Nf6 2. c4 g6 3. Nc3 d5 4. Nf3 Bg7 5. Qb3 dxc4 6. Qxc4 0-0 7. e4 Nc6 8. Be2 Bg4 9. Be3 Bxf3 10. Bxf3 e5 11. d5 Nd4 12. Bxd4 exd4 13. Ne2 Re8 14. 0-0 Nxe4 15. Qd3 Ng5 16. Rfd1 Nxf3+ 17. Qxf3 c5 18. dxc6 bxc6 19. Rac1 Rc8 20. Rc4 c5 21. g3 Qa5 22. Nc1 Bh6 23. Nd3 Qxa2 24. Rxc5 Rxc5 25. Nxc5 Qxb2 26. Ne4 Rd8 27. Qf6 Qb6 28. Qe7 Bg7 29. Rc1 a5 30. Rc7 Qb1+ 31. Kg2 Rf8 32. Nc5 Qf5 33. Nd7 Ra8 34. Nb6 Rb8 35. Nd7 Qd5+ 36. Kh3 Qf5+ 37. Kg2 Bf8 38. Nf6+ Kg7 39. Qxf7+ Kh6 40. Qxh7+ Kg5 41. Qh4# 1-0

[Event "Maastricht Limburg op-A 9th"]
[Site "Maastricht"]
[Date "2015.05.25"]
[Round "7"]
[White "Zimmermann, Luc"]
[Black "Thompson, Ian D"]
[Result "1/2-1/2"]
[WhiteElo "2113"]
[BlackElo "2202"]
[PlyCount "104"]
[EventDate "2015.05.22"]
[EventType "swiss"]
[EventRounds "7"]
[EventCountry "NED"]
[SourceTitle "CBM 166 Extra"]
[Source "ChessBase"]
[SourceDate "2015.06.18"]
[SourceVersion "1"]
[SourceVersionDate "2015.06.18"]
[SourceQuality "1"]

1. e4 e6 2. d4 d5 3. Nd2 Nf6 4. e5 Nfd7 5. Bd3 c5 6. c3 Nc6 7. Ne2 cxd4 8. cxd4 f6 9. exf6 Qxf6 10. Nf3 h6 11. 0-0 Bd6 12. Ng3 0-0 13. Bc2 Rd8 14. Re1 Nf8 15. Ne5 Bd7 16. f4 Be8 17. Be3 Rac8 18. Rc1 Rc7 19. Bb1 Rdc8 20. Qg4 Nb4 21. Nh5 Bxh5 22. Qxh5 Nc2 23. Bxc2 Rxc2 24. Rxc2 Rxc2 25. Re2 Rc7 26. Re1 Kh7 27. Rc1 Rxc1+ 28. Bxc1 Qd8 29. Qd1 Kg8 30. Bd2 Qb6 31. Bc3 Bxe5 32. fxe5 Ng6 33. Qe2 a6 34. g3 Qc7 35. Kg2 Ne7 36. Qf2 Qc4 37. a3 Nc6 38. Qf1 b5 39. Qxc4 dxc4 40. Kf3 Ne7 41. Bd2 Kf7 42. g4 Kg6 43. Bb4 Nd5 44. Bd2 h5 45. h3 hxg4+ 46. Kxg4 Ne7 47. Kf4 Nf5 48. Ke4 Kf7 49. d5 Nh4 50. d6 Nf5 51. Kf4 Ke8 52. Ke4 Kd7 1/2-1/2

[Event "Maastricht Limburg op-A 9th"]
[Site "Maastricht"]
[Date "2015.05.23"]
[Round "3"]
[White "Meijer, Dolf"]
[Black "Zimmermann, Luc"]
[Result "1-0"]
[WhiteElo "2223"]
[BlackElo "2113"]
[PlyCount "59"]
[EventDate "2015.05.22"]
[EventType "swiss"]
[EventRounds "7"]
[EventCountry "NED"]
[SourceTitle "CBM 166 Extra"]
[Source "ChessBase"]
[SourceDate "2015.06.18"]
[SourceVersion "1"]
[SourceVersionDate "2015.06.18"]
[SourceQuality "1"]

1. e4 e6 2. d4 d5 3. Nc3 Nf6 4. Bg5 Bb4 5. e5 h6 6. Bd2 Bxc3 7. bxc3 Ne4 8. Qg4 Kf8 9. h4 c5 10. Bd3 Nxd2 11. Kxd2 c4 12. Be2 Nc6 13. Rh3 b5 14. Rg3 Rg8 15. Qf4 a5 16. Bh5 Ra7 17. Rf3 Qe7 18. Bxf7 Qxf7 19. Qe3 Bd7 20. Rxf7+ Kxf7 21. h5 b4 22. Ne2 Rb8 23. g4 Ne7 24. g5 Nf5 25. Qf4 Kg8 26. Rg1 Be8 27. gxh6 Bxh5 28. Ng3 Nxg3 29. Rxg3 Rf8 30. Qxf8+ 1-0

[Event "Amsterdam Science Park op-A"]
[Site "Amsterdam"]
[Date "2014.07.06"]
[Round "2"]
[White "Dijkhuis, Tycho"]
[Black "Zimmermann, Luc"]
[Result "1-0"]
[WhiteElo "2321"]
[BlackElo "2100"]
[PlyCount "63"]
[EventDate "2014.07.05"]
[EventType "swiss"]
[EventRounds "9"]
[EventCountry "NED"]
[SourceTitle "CBM 161 Extra"]
[Source "ChessBase"]
[SourceDate "2014.08.29"]
[SourceVersion "1"]
[SourceVersionDate "2014.08.29"]
[SourceQuality "1"]

1. e4 e6 2. d4 d5 3. Nc3 Nf6 4. Bg5 Bb4 5. e5 h6 6. Be3 Ne4 7. Qg4 g6 8. a3 Bxc3+ 9. bxc3 c5 10. Bd3 h5 11. Qf4 g5 12. Qf3 Nxc3 13. dxc5 d4 14. Bd2 Bd7 15. Qg3 Bc6 16. Nf3 Ne4 17. Bxe4 Bxe4 18. Bxg5 Qd5 19. Nxd4 Qxc5 20. 0-0 Nd7 21. Rad1 Rg8 22. Qe3 Qxe5 23. f4 Qd5 24. c4 Rxg5 25. fxg5 Qe5 26. Nb5 Ke7 27. Nd6 Bg6 28. Qf3 Qxg5 29. Qxf7+ Bxf7 30. Rxf7+ Kd8 31. Rxd7+ Kxd7 32. Ne4+ 1-0

[Event "Amsterdam Science Park op-A 3rd"]
[Site "Amsterdam"]
[Date "2013.07.07"]
[Round "2"]
[White "Zimmermann, Luc"]
[Black "Lombaers, Peter"]
[Result "1/2-1/2"]
[WhiteElo "2087"]
[BlackElo "2230"]
[PlyCount "98"]
[EventDate "2013.07.06"]
[EventType "swiss"]
[EventRounds "9"]
[EventCountry "NED"]
[SourceTitle "CBM 155 Extra"]
[Source "ChessBase"]
[SourceDate "2013.08.26"]
[SourceVersion "1"]
[SourceVersionDate "2013.08.26"]
[SourceQuality "1"]

1. e4 e5 2. Bc4 Nc6 3. Nc3 Nf6 4. d3 Na5 5. Qf3 Bb4 6. Nge2 Nxc4 7. dxc4 d6 8. 0-0 Bg4 9. Qd3 Bc5 10. Kh1 0-0 11. f3 Be6 12. Bg5 h6 13. Bh4 g5 14. Bf2 Nd7 15. Ng3 Bxf2 16. Rxf2 Nc5 17. Qe2 a5 18. Rd1 Qd7 19. Nd5 f5 20. exf5 Bxf5 21. Nxf5 Rxf5 22. Qe3 Qg7 23. Nc3 Qf7 24. b3 e4 25. Rdf1 exf3 26. Rxf3 Rxf3 27. Qxf3 Qxf3 28. Rxf3 Re8 29. Kg1 c6 30. Kf2 Kg7 31. Re3 Rf8+ 32. Ke2 Kg8 33. g3 Rf6 34. Ne4 Nxe4 35. Rxe4 Kf7 36. Kd3 Re6 37. Rxe6 Kxe6 38. Ke4 h5 39. h3 d5+ 40. cxd5+ cxd5+ 41. Kd4 Kf5 42. Kxd5 h4 43. gxh4 gxh4 44. c4 Kf4 45. a3 Kg3 46. Ke4 Kxh3 47. Kf3 Kh2 48. Kf2 Kh3 49. Kf3 Kh2 1/2-1/2

[Event "Hilversum op-A"]
[Site "Hilversum"]
[Date "2010.07.01"]
[Round "6"]
[White "Van den Bergh, Jan"]
[Black "Zimmermann, Luc"]
[Result "0-1"]
[WhiteElo "2124"]
[BlackElo "2057"]
[PlyCount "37"]
[EventDate "2010.06.26"]
[EventType "swiss"]
[EventRounds "9"]
[EventCountry "NED"]
[SourceTitle "CBM 137 Extra"]
[Source "ChessBase"]
[SourceDate "2010.09.01"]
[SourceVersion "1"]
[SourceVersionDate "2010.09.01"]
[SourceQuality "1"]

1. d4 Nf6 2. Nf3 g6 3. c4 Bg7 4. Nc3 d5 5. Bg5 Ne4 6. Bh4 Nxc3 7. bxc3 dxc4 8. e3 b5 9. Be2 a6 10. 0-0 0-0 11. a4 c6 12. e4 Nd7 13. Qc2 Nb6 14. Rfd1 Bb7 15. a5 Nd7 16. Qb1 Ra7 17. Ra3 Nf6 18. Ne5 Qd6 19. Bg4 0-1

[Event "Maastricht Limburg op-A 4th"]
[Site "Maastricht"]
[Date "2010.05.22"]
[Round "2"]
[White "Zimmermann, Luc"]
[Black "Iosif, Daniela"]
[Result "1-0"]
[WhiteElo "2057"]
[BlackElo "1996"]
[PlyCount "61"]
[EventDate "2010.05.21"]
[EventType "swiss"]
[EventRounds "7"]
[EventCountry "NED"]
[SourceTitle "CBM 136 Extra"]
[Source "ChessBase"]
[SourceDate "2010.07.02"]
[SourceVersion "2"]
[SourceVersionDate "2010.07.15"]
[SourceQuality "1"]

1. e4 e6 2. d4 d5 3. Nd2 dxe4 4. Nxe4 Nf6 5. Nxf6+ Qxf6 6. Nf3 h6 7. Bd3 Bd6 8. Qe2 Nd7 9. 0-0 c6 10. Re1 g5 11. Bd2 Nb6 12. c4 g4 13. Ne5 Bxe5 14. dxe5 Qg7 15. a4 Bd7 16. Bb4 h5 17. Ra3 Nxa4 18. Rea1 c5 19. Be1 Nb6 20. Rxa7 0-0 21. b4 cxb4 22. Bxb4 Rxa7 23. Rxa7 Ra8 24. Rxb7 Nxc4 25. Bxc4 Bc6 26. Rb6 Bf3 27. Qe3 h4 28. Bf1 Ra1 29. Rb8+ Kh7 30. Qd3+ Kh6 31. Bf8 1-0